| 000 | 00816nam a2200217Ii 4500 | ||
|---|---|---|---|
| 003 | JO-AjNU | ||
| 008 | 230605s9999||||xx |||||||||||||| ||und|| | ||
| 020 | _a9953-420-87-4 | ||
| 040 |
_aJO-AjNU _bara _erda _cJO-AjNU |
||
| 041 | _aara | ||
| 050 | 1 | 4 | _aBP130.4.Z3.2009 |
| 100 | 3 |
_aتأليف الخوارزمي، أبي القاسم جار الله محمود بن عمر الزمخشري, _eauthor _926352 |
|
| 245 | 0 | 0 | _a تفسير الكشاف عن حقائق التنزيل و عيون الاقاويل في وجوه التأويل |
| 250 | _aط3 | ||
| 264 | 3 | 1 | _aبيروت : دار المعرفة، 2009 |
| 300 | _a1236ص | ||
| 336 |
_atext _btxt _2rdacontent |
||
| 337 |
_aunmediated _bn _2rdamedia |
||
| 338 |
_avolume _bnc _2rdacarrier |
||
| 650 | 4 |
_a القرآن الكريم -- تفسير _926353 |
|
| 999 |
_aA9974 _c13542 _d13542 |
||